000 01168cad a22002535a 4500
001 L152345
008 110224s2011 xxkd f s 000 0 eng d
035 _a(Sirsi) u152345
041 0 _aeng
050 0 4 _a331.281333 $2 18
110 2 _aRoyal Institution of Chartered Surveyors
_94900
240 _aThe RICS and Macdonald and Company salary survey
245 0 4 _aThe RICS and Macdonald and Company European property market remuneration survey 2010-2011
_bExecutive summary and key findings
_h[electronic resource]
260 _aLondon
_bMacdonald and Company
_bRICS
_c2011
520 _aExecutive summary and key findings from the RICS and Macdonald and Company European property market remuneration survey 2010-2011.
520 _aA full copy of the report is not available in the Library.
521 2 _aAdvanced
590 _aKA NTK
651 4 _aEurope
690 _aMANAGEMENT-BUSINESS MANAGEMENT-HUMAN RESOURCE MANAGEMENT
710 2 _aMacdonald and Company
_93846
856 4 0 _uhttps://www.macdonaldandcompany.com/File.ashx?path=Root/Documents/Salary_Survey/EU_2010-2011.pdf
_zView the item free of charge at www.macdonaldandcompany.com
942 _n0
999 _c112010
_d112010